[Event "ROM GP KO final"]
[Site "Alba Iulia"]
[Date "2023.12.05"]
[Round "1.2"]
[White "Deac, Bogdan Daniel"]
[Black "Parligras, Mircea Emilian"]
[Result "1-0"]
[WhiteElo "2690"]
[BlackElo "2539"]
[PlyCount "76"]
[EventDate "2023.12.05"]
[EventType "k.o."]
[EventRounds "3"]
[EventCountry "ROU"]
[SourceTitle "CB50_2023"]
[SourceDate "2023.12.13"]
[SourceVersion "1"]
[SourceVersionDate "2023.12.13"]
[SourceQuality "1"]

1. Nf3 d5 2. g3 Bg4 3. Bg2 e6 4. 0-0 Nf6 5. h3 Bh5 6. c4 c6 7. d4 Nbd7 8. cxd5 exd5 9. Qb3 Qb6 10. Qe3+ Be7 11. Nh4 Bg6 12. Nxg6 hxg6 13. Nc3 Qd8 14. Qd3 0-0 15. Bf4 Re8 16. Rab1 a5 17. Qc2 Nb6 18. Rbd1 Bd6 19. Bg5 Qc7 20. h4 Nh7 21. Bc1 Nf6 22. Qd3 Re6 23. Rfe1 Ree8 24. a3 Qd7 25. e4 dxe4 26. Nxe4 Nxe4 27. Bxe4 Nd5 28. Bg5 Re6 29. Bxd5 Rxe1+ 30. Rxe1 cxd5 31. Qb3 Qf5 32. Kg2 Rc8 33. Re2 f6 34. Bd2 Kh7 35. Bxa5 Rc1 36. Be1 Qb1 37. Qe3 b5 38. Qe6 b4 1-0

[Event "ROM GP KO final"]
[Site "Alba Iulia"]
[Date "2023.12.05"]
[Round "2.3"]
[White "Nanu, Ciprian Costica"]
[Black "Parligras, Mircea Emilian"]
[Result "0-1"]
[WhiteElo "2523"]
[BlackElo "2539"]
[PlyCount "62"]
[EventDate "2023.12.05"]
[EventType "k.o."]
[EventRounds "3"]
[EventCountry "ROU"]
[SourceTitle "CB50_2023"]
[SourceDate "2023.12.13"]
[SourceVersion "1"]
[SourceVersionDate "2023.12.13"]
[SourceQuality "1"]

1. c4 e6 2. Nf3 d5 3. e3 Nf6 4. b3 c5 5. Bb2 Nc6 6. cxd5 exd5 7. Be2 Bd6 8. 0-0 0-0 9. d4 cxd4 10. Nxd4 Re8 11. Nd2 Nxd4 12. Bxd4 Bf5 13. Nf3 Be4 14. Bb5 Rf8 15. Bb2 a6 16. Bd3 Qe7 17. Ng5 Bxd3 18. Qxd3 Be5 19. Bxe5 Qxe5 20. Nf3 Qe4 21. Qd2 Rac8 22. Rac1 h6 23. h3 Rfd8 24. Rfd1 Qf5 25. Qa5 Re8 26. Qb6 Rxc1 27. Rxc1 Rc8 28. Rd1 Qc2 29. Rd2 Qb1+ 30. Kh2 Ne4 31. Qxb7 Rc1 0-1

[Event "ROM GP Final GpC"]
[Site "Alba Iulia"]
[Date "2023.12.04"]
[Round "3"]
[White "Kantor, Gergely"]
[Black "Parligras, Mircea Emilian"]
[Result "1/2-1/2"]
[WhiteElo "2531"]
[BlackElo "2539"]
[PlyCount "23"]
[EventDate "2023.12.04"]
[EventType "tourn (rapid)"]
[EventRounds "6"]
[EventCountry "ROU"]
[EventCategory "8"]
[SourceTitle "CB49_2023"]
[SourceDate "2023.12.06"]
[SourceVersion "1"]
[SourceVersionDate "2023.12.06"]
[SourceQuality "1"]

1. c4 c5 2. Nf3 Nf6 3. Nc3 Nc6 4. e3 e6 5. d4 d5 6. a3 a6 7. dxc5 Bxc5 8. b4 Bd6 9. Bb2 0-0 10. Qc2 dxc4 11. Bxc4 Ne5 12. Nxe5 1/2-1/2

[Event "ROM-chT Rapid"]
[Site "Sebes"]
[Date "2023.12.02"]
[Round "1.2"]
[White "Marcu, Alin"]
[Black "Parligras, Mircea Emilian"]
[Result "0-1"]
[WhiteElo "2024"]
[BlackElo "2534"]
[PlyCount "59"]
[EventDate "2023.12.02"]
[EventType "team-swiss (rapid)"]
[EventRounds "8"]
[EventCountry "ROU"]
[SourceTitle "CB49_2023"]
[SourceDate "2023.12.06"]
[SourceVersion "1"]
[SourceVersionDate "2023.12.06"]
[SourceQuality "1"]
[WhiteTeam "Cluj Napoca"]
[BlackTeam "Bucharest ASE"]
[WhiteTeamCountry "ROU"]
[BlackTeamCountry "ROU"]

1. d4 Nf6 2. c4 e6 3. Nc3 Bb4 4. e3 0-0 5. Nf3 d5 6. Qc2 c5 7. Bd3 cxd4 8. exd4 dxc4 9. Bxc4 b6 10. 0-0 Bb7 11. Qe2 Nbd7 12. Bg5 h6 13. Bh4 Rc8 14. Ne5 Bxc3 15. bxc3 Qc7 16. Bxf6 Nxf6 17. Rac1 Nd7 18. Nxd7 Qxd7 19. Bb3 Rc7 20. Rfd1 b5 21. Rd3 Rfc8 22. Qe5 Rc5 23. Qf4 Rf5 24. Qh4 Rg5 25. Rg3 Rxg3 26. hxg3 a5 27. a4 bxa4 28. Ba2 Qb5 29. Rc2 Qd3 30. Rb2 0-1

[Event "FIDE Grand Swiss"]
[Site "Douglas"]
[Date "2023.11.02"]
[Round "8"]
[White "Henriquez Villagra, Cristobal"]
[Black "Parligras, Mircea Emilian"]
[Result "0-1"]
[WhiteElo "2630"]
[BlackElo "2561"]
[PlyCount "74"]
[EventDate "2023.10.25"]
[EventType "swiss"]
[EventRounds "11"]
[EventCountry "IOM"]
[SourceTitle "Mega2024 Update 01"]
[Source "Chessbase"]
[SourceDate "2023.11.12"]
[SourceVersion "1"]
[SourceVersionDate "2023.11.12"]
[SourceQuality "1"]

1. d4 Nf6 2. Nf3 d5 3. Bf4 c5 4. e3 Nc6 5. Be2 Bg4 6. Nbd2 e6 7. 0-0 Bd6 8. dxc5 Bxc5 9. c4 0-0 10. Rc1 Bd6 11. Bg5 Be7 12. h3 Bh5 13. a3 Rc8 14. Bf4 Bd6 15. Bxd6 Qxd6 16. b4 Rfd8 17. c5 Qe7 18. Nd4 Bxe2 19. Qxe2 a5 20. b5 Nxd4 21. exd4 b6 22. Qe3 bxc5 23. Rxc5 Nd7 24. Rxd5 Nb6 25. Rxd8+ Qxd8 26. Re1 a4 27. Qd3 h6 28. Nf3 Nd5 29. Qd2 Rc3 30. Rc1 Rxa3 31. Ne5 Rb3 32. Rc5 Nb6 33. Nc6 Rb1+ 34. Kh2 Qf6 35. f4 a3 36. f5 Rb2 37. Rc2 a2 0-1

[Event "FIDE Grand Swiss"]
[Site "Douglas"]
[Date "2023.10.28"]
[Round "4"]
[White "Parligras, Mircea Emilian"]
[Black "Gledura, Benjamin"]
[Result "1/2-1/2"]
[WhiteElo "2561"]
[BlackElo "2633"]
[PlyCount "74"]
[EventDate "2023.10.25"]
[EventType "swiss"]
[EventRounds "11"]
[EventCountry "IOM"]
[SourceTitle "Mega2024 Update 01"]
[Source "Chessbase"]
[SourceDate "2023.11.12"]
[SourceVersion "1"]
[SourceVersionDate "2023.11.12"]
[SourceQuality "1"]

1. d4 d5 2. c4 e6 3. Nf3 Nf6 4. Nc3 Be7 5. Bf4 0-0 6. e3 b6 7. cxd5 Nxd5 8. Nxd5 Qxd5 9. a3 Bd6 10. Bxd6 cxd6 11. Bd3 Ba6 12. 0-0 Bxd3 13. Qxd3 Nd7 14. Qa6 Nb8 15. Qe2 Nd7 16. Rfc1 Qb7 17. Rc2 Rfc8 18. Rac1 Nf6 19. h3 Nd5 20. Qd3 h6 21. Nd2 Ne7 22. b4 Rxc2 23. Rxc2 b5 24. Nb3 a6 25. Na5 Qd7 26. e4 Rc8 27. Rc3 Kf8 28. Kf1 Rxc3 29. Qxc3 Qc8 30. Qxc8+ Nxc8 31. Ke2 Nb6 32. Kd3 Ke7 33. h4 g5 34. hxg5 hxg5 35. g4 Kd7 36. f3 Kc7 37. Kc3 Na4+ 1/2-1/2

[Event "Bundesliga 2324"]
[Site "Germany"]
[Date "2023.10.22"]
[Round "2.8"]
[White "Parligras, Mircea Emilian"]
[Black "Tabatabaei, Mohammad Amin"]
[Result "1/2-1/2"]
[WhiteElo "2561"]
[BlackElo "2685"]
[PlyCount "74"]
[EventDate "2023.10.21"]
[EventType "team-tourn"]
[EventRounds "15"]
[EventCountry "GER"]
[SourceTitle "Mega2024 Update 01"]
[Source "Chessbase"]
[SourceDate "2023.11.12"]
[SourceVersion "1"]
[SourceVersionDate "2023.11.12"]
[SourceQuality "1"]
[WhiteTeam "Remagen Sinzig"]
[BlackTeam "Bayern Muenchen"]
[WhiteTeamCountry "GER"]
[BlackTeamCountry "GER"]

1. d4 Nf6 2. c4 e6 3. Nf3 d5 4. Nc3 Nbd7 5. Bf4 Bb4 6. cxd5 exd5 7. Qb3 c5 8. dxc5 a5 9. a3 Nxc5 10. Qc2 Bxc3+ 11. Qxc3 Ne6 12. e3 Ne4 13. Bb5+ Bd7 14. Qd3 N4c5 15. Qe2 0-0 16. Be5 f6 17. Bd4 Nb3 18. Rd1 Nf4 19. exf4 Nxd4 20. Rxd4 Re8 21. Ne5 fxe5 22. Bxd7 Qxd7 23. fxe5 Rxe5 24. Qxe5 Re8 25. Qe3 Rxe3+ 26. fxe3 Qf5 27. Ke2 Qg6 28. Kf3 Qh5+ 29. Kf2 Qf5+ 30. Ke2 Qc2+ 31. Rd2 Qe4 32. Kf2 Qf5+ 33. Ke2 Qe5 34. Rd4 h6 35. h3 Qh5+ 36. Kf2 Qf5+ 37. Ke2 Qc2+ 1/2-1/2

[Event "Qatar Masters op"]
[Site "Doha"]
[Date "2023.10.15"]
[Round "5"]
[White "Parligras, Mircea Emilian"]
[Black "Divya, Deshmukh"]
[Result "1-0"]
[WhiteElo "2561"]
[BlackElo "2408"]
[PlyCount "105"]
[EventDate "2023.10.11"]
[EventType "swiss"]
[EventRounds "9"]
[EventCountry "QAT"]
[SourceTitle "Mega2024 Update 01"]
[Source "Chessbase"]
[SourceDate "2023.11.12"]
[SourceVersion "1"]
[SourceVersionDate "2023.11.12"]
[SourceQuality "1"]

1. Nf3 Nf6 2. c4 e6 3. g3 d5 4. Bg2 Be7 5. 0-0 0-0 6. d4 dxc4 7. Qc2 b5 8. a4 b4 9. Ne5 Qxd4 10. Bxa8 Qxe5 11. Bf4 Qh5 12. Bf3 Ng4 13. Bxg4 Qxg4 14. Qxc4 e5 15. Qxc7 exf4 16. Qxe7 fxg3 17. Nd2 gxf2+ 18. Kxf2 Qd4+ 19. Qe3 Qxb2 20. Nf3 Nc6 21. Rac1 Qf6 22. Rc5 h6 23. Qe4 Bd7 24. Rd1 Re8 25. Qc4 Nb8 26. a5 Ba4 27. Rc8 Qe7 28. Rd4 Nc6 29. Rxe8+ Qxe8 30. Rd6 Qc8 31. Qd5 Qc7 32. Rd7 Qf4 33. a6 b3 34. Rb7 g5 35. h3 Kg7 36. Qc5 Qe4 37. Qc3+ Kg8 38. Qf6 Qd5 39. Qxh6 Bb5 40. Qxg5+ Qxg5 41. Nxg5 Bxa6 42. Rxb3 Bxe2 43. Nxf7 Kxf7 44. Rb7+ Ke6 45. Kxe2 a5 46. Ke3 Kd5 47. h4 a4 48. h5 a3 49. Rb3 Ne5 50. Kf4 Nc4 51. Rb4 Kc5 52. Ra4 Kb5 53. Rxa3 1-0

[Event "ROM-chT"]
[Site "Eforie Nord"]
[Date "2023.09.28"]
[Round "8.1"]
[White "Sarighioleanu, Sebastian Laurentiu"]
[Black "Parligras, Mircea Emilian"]
[Result "1/2-1/2"]
[WhiteElo "1964"]
[BlackElo "2561"]
[PlyCount "57"]
[EventDate "2023.09.21"]
[EventType "team-tourn"]
[EventRounds "9"]
[EventCountry "ROU"]
[SourceTitle "EXT 2024"]
[Source "ChessBase"]
[SourceDate "2023.10.10"]
[SourceVersion "1"]
[SourceVersionDate "2023.10.10"]
[SourceQuality "1"]
[WhiteTeam "Urziceni Viitorul"]
[BlackTeam "Bucharest ASE"]
[WhiteTeamCountry "ROU"]
[BlackTeamCountry "ROU"]

1. d4 e6 2. Nf3 c5 3. e3 Nf6 4. b3 d5 5. Bd3 Nc6 6. 0-0 b6 7. Bb2 Bb7 8. c4 cxd4 9. exd4 Be7 10. Nbd2 0-0 11. Rc1 Rc8 12. a3 Re8 13. Re1 Bf8 14. h3 g6 15. b4 dxc4 16. Bxc4 Bh6 17. Qb3 Rc7 18. Rcd1 Rd7 19. Nf1 Rd6 20. d5 exd5 21. Bxf6 Rxf6 22. Bxd5 Qc8 23. Ng3 Rxe1+ 24. Rxe1 Qf8 25. Rd1 Nd8 26. Ne4 Rf4 27. Bxb7 Nxb7 28. Qd5 Qe7 29. Nc3 1/2-1/2

[Event "ROM-chT"]
[Site "Eforie Nord"]
[Date "2023.09.25"]
[Round "5.3"]
[White "Parligras, Mircea Emilian"]
[Black "Dolana, Andrei Theodor"]
[Result "1-0"]
[WhiteElo "2561"]
[BlackElo "2373"]
[PlyCount "127"]
[EventDate "2023.09.21"]
[EventType "team-tourn"]
[EventRounds "9"]
[EventCountry "ROU"]
[SourceTitle "EXT 2024"]
[Source "ChessBase"]
[SourceDate "2023.10.10"]
[SourceVersion "1"]
[SourceVersionDate "2023.10.10"]
[SourceQuality "1"]
[WhiteTeam "Bucharest ASE"]
[BlackTeam "Ineu"]
[WhiteTeamCountry "ROU"]
[BlackTeamCountry "ROU"]

1. d4 Nf6 2. c4 e6 3. Nf3 d5 4. g3 Bb4+ 5. Bd2 Be7 6. Bg2 0-0 7. 0-0 c6 8. Bc3 Ne4 9. Nbd2 Nxc3 10. bxc3 Nd7 11. Qb3 b6 12. a4 Ba6 13. Rfc1 Qc7 14. Rc2 Rac8 15. Rac1 dxc4 16. Nxc4 c5 17. Ne3 Bb7 18. Nd2 Bg5 19. Bxb7 Qxb7 20. Nec4 Bxd2 21. Rxd2 Qc6 22. Rcc2 Nf6 23. Ne5 Qe4 24. f3 Qe3+ 25. Kg2 Nd5 26. Ng4 Qg5 27. h4 Qe7 28. e4 Nf6 29. Nxf6+ Qxf6 30. d5 exd5 31. Rxd5 Qe6 32. Rcd2 h6 33. c4 f5 34. e5 f4 35. g4 Rce8 36. Qd3 Re7 37. Re2 Qc6 38. a5 bxa5 39. Rd6 Qa4 40. Qd5+ Kh7 41. e6 Qa1 42. Rd7 Rfe8 43. Rxe7 Rxe7 44. Qxc5 Qd1 45. Kf2 Qh1 46. Qf5+ Kg8 47. Qxf4 Qxh4+ 48. Kg2 Qg5 49. Qd6 a4 50. c5 a3 51. c6 Qb5 52. Rd2 Qa5 53. Ra2 Qc7 54. Qd5 Qc8 55. Qd7 Qe8 56. Rxa3 Rxe6 57. Rxa7 Re2+ 58. Kh3 Qf8 59. Qd5+ Kh8 60. Rf7 Qa8 61. Qd4 Qg8 62. Rd7 Re8 63. c7 Qf8 64. Kg3 1-0

[Event "ROM-chT"]
[Site "Eforie Nord"]
[Date "2023.09.23"]
[Round "3.3"]
[White "Parligras, Mircea Emilian"]
[Black "Cioara, Andrei Nestor"]
[Result "1-0"]
[WhiteElo "2561"]
[BlackElo "2400"]
[PlyCount "69"]
[EventDate "2023.09.21"]
[EventType "team-tourn"]
[EventRounds "9"]
[EventCountry "ROU"]
[SourceTitle "EXT 2024"]
[Source "ChessBase"]
[SourceDate "2023.10.10"]
[SourceVersion "1"]
[SourceVersionDate "2023.10.10"]
[SourceQuality "1"]
[WhiteTeam "Bucharest ASE"]
[BlackTeam "Craiova Oltenia"]
[WhiteTeamCountry "ROU"]
[BlackTeamCountry "ROU"]

1. d4 Nf6 2. c4 e6 3. Nf3 c5 4. d5 b5 5. Bf4 exd5 6. cxd5 d6 7. e4 a6 8. Nbd2 Be7 9. a4 b4 10. h3 0-0 11. Bd3 Nbd7 12. 0-0 Ne8 13. Qc2 g6 14. Nc4 f6 15. Bh2 Ne5 16. Nfxe5 fxe5 17. f4 exf4 18. Rxf4 Bf6 19. Raf1 Kg7 20. Kh1 Ra7 21. Qf2 Bd4 22. Qg3 Nf6 23. R4f3 Rd7 24. Nxd6 Nh5 25. Rxf8 Nxg3+ 26. Bxg3 Qxf8 27. Rxf8 Kxf8 28. Nxc8 Bxb2 29. Nb6 Rb7 30. Bd6+ Kg7 31. Bxc5 Be5 32. Nc4 Bc3 33. Na5 Rc7 34. Nb3 a5 35. d6 1-0

[Event "Titled Tuesday intern op 15th Aug Late"]
[Site "Chess.com INT"]
[Date "2023.08.15"]
[Round "3"]
[White "Ugarte Soto, Cesar"]
[Black "Parligras, Mircea Emilian"]
[Result "0-1"]
[WhiteElo "2088"]
[BlackElo "2556"]
[PlyCount "84"]
[EventDate "2023.08.15"]
[EventType "swiss (blitz)"]
[EventRounds "11"]
[EventCountry "USA"]
[SourceTitle "EXT 2024"]
[Source "ChessBase"]
[SourceDate "2023.10.10"]
[SourceVersion "1"]
[SourceVersionDate "2023.10.10"]
[SourceQuality "1"]

1. d4 Nf6 2. Bg5 Ne4 3. Bf4 d5 4. Nd2 Nxd2 5. Qxd2 Bf5 6. e3 e6 7. Bd3 Bxd3 8. Qxd3 c6 9. Nf3 Nd7 10. 0-0 Be7 11. c4 0-0 12. cxd5 exd5 13. Rfc1 a5 14. b3 Nf6 15. a3 Ne4 16. Nd2 f5 17. f3 Nxd2 18. Qxd2 Bd6 19. Bxd6 Qxd6 20. b4 axb4 21. Qxb4 Qh6 22. Rc3 Rf7 23. a4 Re8 24. Qb3 Rfe7 25. a5 Rxe3 26. Rxe3 Qxe3+ 27. Qxe3 Rxe3 28. Rb1 Ra3 29. Rxb7 Rxa5 30. Rc7 Ra1+ 31. Kf2 Rc1 32. Kg3 Rc2 33. h4 g6 34. h5 gxh5 35. Kf4 Rxg2 36. Rxc6 Kg7 37. Kxf5 h4 38. Rc7+ Kh6 39. Rc6+ Kh5 40. Rc7 h6 41. Ke5 h3 42. Kxd5 h2 0-1

[Event "Arad op 16th"]
[Site "Arad"]
[Date "2023.08.13"]
[Round "9"]
[White "Parligras, Mircea Emilian"]
[Black "Dhulipalla, Bala Chandra Prasad"]
[Result "1-0"]
[WhiteElo "2556"]
[BlackElo "2410"]
[PlyCount "95"]
[EventDate "2023.08.07"]
[EventType "swiss"]
[EventRounds "9"]
[EventCountry "ROU"]
[SourceTitle "EXT 2024"]
[Source "ChessBase"]
[SourceDate "2023.10.10"]
[SourceVersion "1"]
[SourceVersionDate "2023.10.10"]
[SourceQuality "1"]

1. d4 d5 2. c4 e6 3. Nc3 a6 4. cxd5 exd5 5. Qb3 c5 6. Nxd5 Nc6 7. Bg5 Nge7 8. Nb6 c4 9. Nxc4 b5 10. e4 Nxd4 11. Qc3 Qc7 12. Qxd4 bxc4 13. Qxc4 Nc6 14. Rc1 Bd7 15. Nf3 Rb8 16. Bd3 Bb4+ 17. Ke2 0-0 18. a3 Bd6 19. b4 Bf4 20. Bxf4 Qxf4 21. e5 Qh6 22. Rhe1 Rfd8 23. Qe4 a5 24. bxa5 Nxa5 25. Kf1 Bc6 26. Qe3 Bxf3 27. Qxf3 Nb3 28. Rcd1 Nd2+ 29. Rxd2 Qxd2 30. Bc4 Rf8 31. g3 Rbe8 32. Re4 Qa5 33. Rf4 Re7 34. e6 f6 35. Rd4 Qc5 36. Qd3 g6 37. Bb5 Rb8 38. a4 Kg7 39. Rd7 Rb6 40. Qe3 Rxb5 41. Qxc5 Rxc5 42. Rxe7+ Kg8 43. Ra7 Re5 44. e7 Kf7 45. a5 f5 46. a6 Re6 47. e8Q+ Kxe8 48. Ra8+ 1-0

[Event "Arad op 16th"]
[Site "Arad"]
[Date "2023.08.10"]
[Round "6"]
[White "Petkov, Momchil"]
[Black "Parligras, Mircea Emilian"]
[Result "1/2-1/2"]
[WhiteElo "2489"]
[BlackElo "2556"]
[PlyCount "41"]
[EventDate "2023.08.07"]
[EventType "swiss"]
[EventRounds "9"]
[EventCountry "ROU"]
[SourceTitle "EXT 2024"]
[Source "ChessBase"]
[SourceDate "2023.10.10"]
[SourceVersion "1"]
[SourceVersionDate "2023.10.10"]
[SourceQuality "1"]

1. d4 Nf6 2. Nf3 d5 3. c4 e6 4. g3 Bb4+ 5. Bd2 Be7 6. Bg2 0-0 7. Qc2 c6 8. 0-0 Nbd7 9. Bf4 b6 10. Nbd2 Nh5 11. e3 Bb7 12. cxd5 Nxf4 13. exf4 cxd5 14. Rfc1 Rc8 15. Qa4 a6 16. Qb3 b5 17. Rxc8 Qxc8 18. a4 bxa4 19. Qxa4 Nb6 20. Qd1 Nc4 21. Rc1 1/2-1/2